Rice-rice and rice-shrimp production : a gender perspective on labour, time use and access to technologies and services in southern Viet Nam /

Bibliographic Details
Main Authors: Grassi, Flavia (Author), Paris, T. R. (Author), Chi, Truong Thi Ngoc (Author)
Format: Book
Language:English
Published: Rome : Food and Agriculture Organization of the United Nations, 2017.
Subjects:

MARC

Tag First Indicator Second Indicator Subfields
LEADER 00000cam a2200000Ii 4500
001 in00003894792
005 20171004135444.0
008 170725s2017 it ab i000 0 eng d
035 |a (OCoLC)ocn994446757 
040 |a YDX  |b eng  |e rda  |c YDX  |d IUL  |d UIU  |d TXA 
020 |a 9251097607 
020 |a 9789251097601 
043 |a a-vt--- 
050 4 |a HD9066.V52  |b G737 2017 
082 0 4 |a 338.17318/09597  |2 22 
049 |a TXAM 
100 1 |a Grassi, Flavia,  |e author. 
245 1 0 |a Rice-rice and rice-shrimp production :  |b a gender perspective on labour, time use and access to technologies and services in southern Viet Nam /  |c Flavia Grassi, Thelma R. Paris, Truong Thi Ngoc Chi. 
264 1 |a Rome :  |b Food and Agriculture Organization of the United Nations,  |c 2017. 
300 |a xi, 48 pages :  |b illustrations, maps ;  |c 30 cm 
336 |a text  |b txt  |2 rdacontent 
336 |a still image  |b sti  |2 rdacontent 
337 |a unmediated  |b n  |2 rdamedia 
338 |a volume  |b nc  |2 rdacarrier 
650 0 |a Rice  |x Economic aspects  |z Vietnam. 
650 0 |a Shrimp industry  |x Economic aspects  |z Vietnam. 
650 0 |a Women in agriculture  |z Vietnam. 
700 1 |a Paris, T. R.,  |e author. 
700 1 |a Chi, Truong Thi Ngoc,  |e author. 
710 2 |a Food and Agriculture Organization of the United Nations,  |e issuing body. 
948 |a cataloged  |b h  |c 2017/10/4  |d c  |e ceaton  |f 1:52:02 pm 
999 f f |s f964b733-adb0-34a4-a9e7-ae5c2f7f2d06  |i bdc36d7c-f115-321b-bcd2-0064e84d13ea  |t 0 
952 f f |p normal  |a Texas A&M University  |b College Station  |c Sterling C. Evans Library  |d Evans: Library Stacks  |t 0  |e HD9066.V52 G737 2017  |h Library of Congress classification  |i unmediated -- volume  |m A14850104721 
998 f f |a HD9066.V52 G737 2017  |t 0  |l Evans: Library Stacks